000 00771aam a2200289 i 4500
001 768714001
003 CO-MdFUSB
005 20250529104142.0
007 ta
008 250528t1968 -us||||| |||| 00| 0 eng d
040 _cCO-MdFUSB
041 0 _aeng
082 0 4 _223
_a248.48
_bW576a
100 1 _aWhiston, Lionel A.
_eautor
245 1 0 _aAre you fun to live with?
_c/ Lionel A. Whiston
264 1 _bWord Books, Publisher
_aWaco, TX., USA :
_c[1968]
264 4 _c©1968
300 _a143 páginas
336 _atexto
_btxt
_2rdacontent
337 _2rdamedia
_asin mediación
_bn
338 _2rdacarrier
_avolumen
_bnc
563 _apasta dura
650 1 0 _aVida cristiana
_919
942 _cBK
945 _aElías Tolentino
999 _c36016
_d36016